Statistiques concernant Mots en J par définition

Cliquez ici pour prendre le quiz!

Statistiques générales

  • Ce quiz a été pris 149 fois
  • Le résultat moyen est 17 sur 20

Statistiques - réponses

GenreDéfinitionMot% Correct
Nom MasculinObjet conçu pour amuser un enfant.Jouet
99%
Nom MasculinTerrain, souvent clos, où l'on cultive des légumes, des fleurs, des arbres et arbustes fruitiers et d'ornement ou un mélange de ces plantes.Jardin
98%
Nom MasculinEngin en forme de lance (2,60 m et 800 g pour les hommes, 2,20 m et 600 g pour les femmes), muni d'une pointe aiguë, utilisé en athlétisme ; cette épreuve d'athlétisme.Javelot
97%
Nom MasculinPublication quotidienne donnant des informations ou des opinions sur les nouvelles politiques, économiques, sociales, etc.Journal
97%
Nom FémininVêtement féminin qui enserre la taille et descend jusqu'à la jambe.Jupe
94%
Nom MasculinGros félidé d'Amérique du Sud, au pelage ocellé, de 2 m de long pour 100 kg.Jaguar
93%
Nom FémininRoue d'un véhicule automobile, hormis les pneumatiques.Jante
91%
NomCavalier professionnel qui monte les chevaux de course.Jockey
91%
Nom FémininNarcisse printanier des prairies, caractérisé par ses fleurs jaunes à très grande coronule.Jonquille
90%
Nom FémininChacune des quatre grosses veines situées de chaque côté des parties latérales du cou.Jugulaire
90%
Nom FémininArt qui consiste à mettre en valeur des pierres précieuses, des pierres fines, des perles ou des minéraux divers en tirant parti de leur éclat, de leur couleur et de leur forme.Joaillerie
87%
Nom FémininPrincipe moral qui exige le respect du droit et de l'équité.Justice
87%
Nom MasculinMorceau de porc correspondant au membre postérieur, préparé cru ou cuit.Jambon
86%
Nom MasculinVocabulaire propre à une profession, à une discipline ou à une activité quelconques, généralement inconnu du profane, argot de métier.Jargon
85%
Nom MasculinMusique afro-américaine créée au début du xxe s. par les communautés noire et créole du sud des États-Unis, et fondée pour une large part sur l'improvisation, un traitement original de la matière sonore et une mise en valeur spécifique du rythme, le swing.Jazz
85%
Nom FémininCombat à cheval et à la lance, d'homme à homme, auquel la noblesse guerrière du Moyen Âge se livrait par plaisir.Joute
84%
Nom MasculinCri aigre et perçant des jeunes chiens ou des petits chiens, du renard et du chacal.Jappement
76%
Nom FémininFormation végétale arborée qui prospère sous un climat chaud et humide avec une courte saison sèche.Jungle
71%
Nom MasculinGarniture en diverses matières assurant l'étanchéité d'un assemblage.Joint
68%
Nom FémininBateau à fond plat, dépourvu de quille, muni de deux ou trois mâts, et gréé de voiles de toile ou de natte raidies par des lattes en bambou, servant au transport ou à la pêche en Extrême-Orient.Jonque
56%

Distribution des résultats

Percentile par nombre de réponses

% des personnes avec chaque résultat

Votre développement - résultats

Vous n’avez pas pris ce quiz